Serious Sam Bosses - Statistics

General Stats
  • This quiz has been taken 44 times
    28 since last reset
  • The average score is 19 of 32
Answer Stats
% Correct
Serious Sam: The First Encounter Great Pyramid Ugh-Zan III, The Vicious Warlock
91%
Serious Sam: The Second Encounter Grand Cathedral Mordekai the Summoner
82%
Serious Sam 3: BFE Unearthing the Sun Khnum
77%
Serious Sam 4 Four Horsemen of the Apocalypse Khnum
77%
Serious Sam: The Second Encounter The Pit Kukulkán the Wind God
77%
Serious Sam: The First Encounter Alley of the Sphinxes Large Lava Golem
77%
Serious Sam HD: The Second Encounter Legend of the Beast DLC The Ram God
77%
Serious Sam 3: BFE Into the Spider's Nest Adult Arachnoid
73%
Serious Sam: The First Encounter Valley of the Kings, Moon Mountains Alduran Reptiloid Highlander
73%
Serious Sam: The Second Encounter Tower of Babel Exotech Larva
73%
Serious Sam 3: BFE The Guardian of Time Ugh-Zan IV
73%
Serious Sam 3: BFE The Dark Bride Witch-Bride of Achriman
64%
Serious Sam 4 Gates of Hell Witch-Bride of Achriman
64%
Serious Sam 3: BFE Broken WIngs Major Biomechanoid
59%
Serious Sam 2 Magnor ZumZum
59%
Serious Sam 3: BFE Under the Iron Cloud, The Power of the Underworld Alcor Class Warship
55%
Serious Sam 4 Anathema Unto God Lord Achriman
55%
Serious Sam 2 Sirius Mental Institution
55%
Serious Sam 2 Chi-Fang Prince Chan
55%
Serious Sam 3: BFE No Place to Hide Technopolip
55%
Serious Sam 4 From Earth With Love Ugh-Zan VI
55%
Serious Sam 2 Ellenier Cecil the Dragon
50%
Serious Sam 2 Kleer Count Kleerofski
45%
Serious Sam 2 Kronor Hugo the Robot
45%
Serious Sam 2 M'Digbo Kwongo
45%
Serious Sam 4 Machina Ex Deus Megalopolyp
45%
Serious Sam 3: BFE, Jewel of the Nile DLC Born Again Raahloom, the Imposing Prototype
45%
Serious Sam: The First Encounter Oasis, Karnak Marsh Hopper Group
41%
Serious Sam 4 Death From Below Sagittarian Sidewinder
36%
Serious Sam 4 Morituri Te Salutant Swamp Hive
36%
Serious Sam: The Second Encounter Ziggurat Kleer Skeleton Group
23%
Serious Sam: The Second Encounter Tower of Babel Secret Mighty GIZMO
14%
No matching quizzes found
Score Distribution
Percent of People with Each Score
Percentile by Number Answered
Your Score History
You have not taken this quiz since the last reset